| 000 | 01640nam a2200277 i 4500 | ||
|---|---|---|---|
| 003 | OSt | ||
| 005 | 20260517165914.0 | ||
| 008 | 260517t20252025-uk gr 00| 0beng d | ||
| 020 |
_a9781787588905 _cRM120.00 _qpaperback |
||
| 040 |
_aPPAK _beng _cPPAK _erda |
||
| 082 | 0 | 4 |
_223 _a823.92 |
| 090 | 0 | 0 |
_a823.92 _bCAV _dG |
| 100 | 1 |
_aCavendish, Catherine, _eauthor. |
|
| 245 | 1 | 4 |
_aTHE STONES OF LANDANE / _cCATHERINE CAVENDISH |
| 264 | 1 |
_aLondon ; _bFLAME TREE PRESS, _c[2025]? |
|
| 264 | 4 | _c©2025 | |
| 300 |
_a231 pages ; _c22 cm |
||
| 336 |
_atext _2rdacontent |
||
| 337 |
_aunmediated _2rdamedia |
||
| 338 |
_avolume _2rdacarrier |
||
| 520 | _aA mysterious, psychological thriller from the ever-enthralling Catherine Cavendish 'Fear her now, fear the queen, As in her stone she reigns supreme...' When Jonathan agrees to accompany his girlfriend, Nadia, on a trip to Landane, he imagines a short relaxing break in the countryside. But he quickly discovers that Nadia isn't just drawn to the ancient Neolithic stone circle, she is obsessed by the megaliths. One in particular holds a fascination for her. Within hours, her personality begins to change, and it isn't long before Jonathan starts to fear for her sanity. Reaching far back into the past and up to the present day, those same stones have demonstrated powers beyond reason and, as Jonathan's girlfriend becomes increasingly distant from reality, some of the ghosts of the past begin to reappear. Now it isn't only Nadia who is in danger. | ||
| 650 | 1 | 0 | _aEnglish fiction |
| 650 | 2 | 0 | _aHorror |
| 650 | 2 | 0 | _aMystery fiction |
| 942 |
_2ddc _cB |
||
| 999 |
_c204338 _d204338 |
||